00592 2200205 4500245010200000020002200102250001100124100001800135700002400153700001700177650002400194650001400218650001900232005001900251260005700270041001400327084001100341300002500352336000900377 aBuku Panduan Guru Pendidikan Jasmani, Olahraga dan Kesehatan SMA/SMK Kelas XcAgus MahendrahText a978-602-244-305-6 aCet. 1 aAgus Mahendra aBambang Abdul Jabar aToto Subroto aPendidikan Olahraga aBuku Guru aBuku Pelajaran a20240920072209 aJakartabKementerian Pendidikan dan Kebudayaanc2021 aIndonesia a796.07 axvi, 296 hlm. :cPDF atext